| 000 | 00977nam a2200265 a 4500 | ||
|---|---|---|---|
| 001 | 000049086 | ||
| 003 | DO-SdBNP | ||
| 005 | 20250722142306.0 | ||
| 007 | ta | ||
| 008 | 090929s2007 dr 000 0 spa d | ||
| 040 |
_aDO-SdBNP _bspa _cBNPHU |
||
| 082 |
_a352.14 _bN964 _222 |
||
| 111 |
_aNueva ley municipal y desarrollo local: construyendo ciudadanía desde el gobierno local _cSanto Domingo, República Dominicana) _d(2007 : _983049 |
||
| 245 | 1 | 0 |
_aNueva ley municipal : _bLey no. 176-07 del Distrito Nacional y los municipios, otras legislaciones. |
| 246 | 1 | 3 | _aLey no. 176-07 |
| 250 | _a2da.ed. | ||
| 260 |
_aSanto Domingo : _bEditora Dalís, _c[2007]. |
||
| 300 |
_a196 p. ; _c22 cm. |
||
| 590 | _aInventariado, 2023 / DG | ||
| 650 | 0 |
_aGobierno municipal _xLegislación _zRepública Dominicana _917207 |
|
| 650 | 4 |
_aGobierno local _xLegislación _zRepública Dominicana _983051 |
|
| 650 | 4 |
_aLeyes _zRepública Dominicana _93033 |
|
| 910 | _aDG | ||
| 942 |
_2ddc _cLBS1 |
||
| 999 |
_c53116 _d53116 |
||